Cultural dynamics of resource management : (Record no. 88599)

MARC details
000 -LEADER
fixed length control field 00643nam a22001937a 4500
005 - DATE AND TIME OF LATEST TRANSACTION
control field 20140915154632.0
010 ## - LCCN (DPL NO)
LC control number ENG-110845
020 ## - INTERNATIONAL STANDARD BOOK NUMBER
International Standard Book Number 9788190789165
Terms of availability 895.00
035 ## - SYSTEM CONTROL NUMBER
System control number EN-94377
037 ## - SOURCE OF ACQUISITION
Source of stock number/acquisition DBAD/PUB
082 ## - DEWEY DECIMAL CLASSIFICATION NUMBER
Classification number 305.800954
100 ## - MAIN ENTRY--PERSONAL NAME
Personal name Prasad,D.V.
245 ## - TITLE STATEMENT
Title Cultural dynamics of resource management :
Statement of responsibility, etc by D.V. Prasad
Remainder of title an ethnographic analysis of adaptative strategies of Koya Dora /
260 ## - PUBLICATION, DISTRIBUTION, ETC. (IMPRINT)
Place of publication, distribution, etc Gurgaon
Name of publisher, distributor, etc Madhav Books
Date of publication, distribution, etc 2012
270 ## - ADDRESS
Address F-2562, Palam Vihar
City Gurgaon
Postal code 122017
300 ## - PHYSICAL DESCRIPTION
Extent xi,235p.
Dimensions 22cm(Hb)
500 ## - GENERAL NOTE
General note Includes bibliographical references
942 ## - ADDED ENTRY ELEMENTS (KOHA)
Source of classification or shelving scheme Dewey Decimal Classification
Item type English Books
Call number suffix PRA
Classification part 305.800954
Holdings
Withdrawn status Lost status Not for loan Collection code Home library Current library Date acquired Source of acquisition Cost, normal purchase price Full call number Barcode Copy number Cost, replacement price Koha item type
    Not For Loan Non-fiction D.B.Act.Division D.B.Act.Division 12/09/2014 DBAD/PUB 895.00 305.800954 PRA EN-94377 1 895.00 English Books

© Delhi Public Library
Hit Counter
free hit counter